00435nam a2200157Ia 45000010006000000050017000060080041000230410008000640820015000721000033000872450104001202600009002243000028002336500008002616540008002692058820260306172817.0260306t2015||||xx |||||||||||||| ||spa|| aESP a343.4bR84 aRosas Alcántara, JoeleAUT 0aLa nulidad del proceso penal por el hábes corpus en la jurisprudencia del tribunal constitucional c2015 a446 páginas :c25 cm. aGEN aCDE